Central Library OPAC University of Rajshahi

Elementary plasma physics / (Record no. 71922)

MARC details
000 -LEADER
fixed length control field 00826nam a2200241 a 4500
001 - CONTROL NUMBER
control field 71922
003 - CONTROL NUMBER IDENTIFIER
rucl marc code BD-RjUL
005 - DATE AND TIME OF LATEST TRANSACTION
control field 20211209082202.0
008 - FIXED-LENGTH DATA ELEMENTS--GENERAL INFORMATION
fixed length control field 170509r19671963nyua b 001 0 eng
035 ## - SYSTEM CONTROL NUMBER
System control number (BD-RjUL)72138
040 ## - CATALOGING SOURCE
Original cataloging agency DLC/ICU
Transcribing agency ICU
Modifying agency DLC
-- BD-RjUL
Language of cataloging eng
041 ## - LANGUAGE CODE
Language code of text/sound track or separate title eng
082 00 - DEWEY DECIMAL CLASSIFICATION NUMBER
Edition number 23
Classification number 530.44
Author mark and year LOE 1967
100 1# - MAIN ENTRY--PERSONAL NAME
Personal name Longmire, Conrad L.
9 (RLIN) 212726
245 10 - TITLE STATEMENT
Title Elementary plasma physics /
Statement of responsibility, etc. Conrad L Longmire
260 ## - PUBLICATION, DISTRIBUTION, ETC. (IMPRINT)
Place of publication, distribution, etc. New York :
Name of publisher, distributor, etc. Interscience Publishers,
Date of publication, distribution, etc. 1963 [reprinted 1967]
300 ## - PHYSICAL DESCRIPTION
Pagination xi, 296 p. :
Illustrations ill. ;
Size 24 cm.
490 1# - SERIES STATEMENT
Series statement Interscience monographs and texts in physics and astronomy,
Volume/sequential designation 9
504 ## - BIBLIOGRAPHY, ETC. NOTE
Bibliography, etc Includes Bibliography and index
650 #0 - SUBJECT ADDED ENTRY--TOPICAL TERM
Topical term or geographic name as entry element Plasma (Ionized gases)
9 (RLIN) 160125
830 #0 - SERIES ADDED ENTRY--UNIFORM TITLE
Uniform title Interscience monographs and texts in physics and astronomy ;
Volume number/sequential designation 9
942 ## - ADDED ENTRY ELEMENTS (KOHA)
Source of classification or shelving scheme Dewey Decimal Classification
Koha item type Books
Holdings
Lost status Source of classification or shelving scheme Damaged status Not for loan Collection code Permanent Location Current Location Shelving location Date acquired Source of acquisition Cost, normal purchase price Total Checkouts Full call number Date last seen Copy number Koha item type
  Dewey Decimal Classification   Not For Loan Non-fiction Central Library, University of Rajshahi Central Library, University of Rajshahi Reading Room 05/12/1973 U. S. Govt. 0.00   530.44 LOE 1967 09/05/2017 C-1 Books